| 000 | 00859as aa2200229a 44500 | ||
|---|---|---|---|
| 005 | 20180803170124.0 | ||
| 008 | 160130b ck ad gr|||| 00| 0 spa d | ||
| 040 |
_aCO-BoIAVH _cCO-BoIAVH |
||
| 041 | 0 | _aspa | |
| 044 | _ack | ||
| 082 | 4 |
_a639.31 _bC82i |
|
| 110 | 2 | _aCorporación para el desarrollo sostenible | |
| 245 | 1 | 0 |
_aInvestigaciones ícticas _bCentro experimental amazónico- CEA experiencias exitosas en reproducción y cultivo de peces amazónicos |
| 260 |
_bCorpoamazonia _aColombia _c. |
||
| 300 |
_a32 paginas.; _bilustraciones, graficas.; _c28 x 22 cm |
||
| 500 | _aExperiencias exitosas en reproducción y cultivo de peces amazónicos | ||
| 650 | 4 | _aTecnologias apropiadas | |
| 650 | 4 | _aConservación | |
| 650 | 4 | _aReproducción de peces | |
| 650 | 6 | _aExplotaciones piscícolas | |
| 942 |
_cLIBRO _2ddc |
||
| 999 |
_c17414 _d17414 |
||